000 00680nam a2200229Ia 4500
003 OSt
005 20220927105402.0
006 a|||||r|||| 00| 0
007 ta
008 220926b |||||||| |||| 00| 0 eng d
020 _a9780230206038
024 _a190565
037 _cReference Collections
040 _aRTL
_cRTL
_beng
041 _2eng
_aeng
082 _a"n1, M64, Q0/RR"
245 0 _aSTATESMAN'S YEARBOOK
_b The politics cultures and economies of the world. Ed. by Barry Turner.
260 _aNew
_bYork Palgrave Macmillan
_c2010
300 _a"xxxi, 1573p"
_ccm.
942 _h"n1, M64, Q0/RR"
_cCC
999 _c692241
_d692241